000 00253nam a2200109Ia 4500
008 220204s9999 xx 000 0 und d
082 _a82-3HAR
_bWAR
100 _aWard, Lynda
245 4 _aThe Touch of passion
260 _bHarlequin
_c1983
942 _cBK
999 _c37728
_d37728